Şeyhislâm Bahayî, (Record no. 45183)

MARC details
000 -LEADER
fixed length control field 00705cam a22002291 4500
001 - CONTROL NUMBER
control field ne 62001013
003 - CONTROL NUMBER IDENTIFIER
control field DLC
005 - DATE AND TIME OF LATEST TRANSACTION
control field 20260227111736.0
008 - FIXED-LENGTH DATA ELEMENTS--GENERAL INFORMATION
fixed length control field 870817s1933 tu b 000 0btur
010 ## - LIBRARY OF CONGRESS CONTROL NUMBER
LC control number ne 62001013
035 ## - SYSTEM CONTROL NUMBER
System control number (OCoLC)16502439
040 ## - CATALOGING SOURCE
Original cataloging agency DLC
Transcribing agency WaU
Modifying agency WaU
-- DLC
042 ## - AUTHENTICATION CODE
Authentication code premarc
050 00 - LIBRARY OF CONGRESS CALL NUMBER
Classification number PL248.B23
Item number Z65
100 1# - MAIN ENTRY--PERSONAL NAME
Personal name Ergun, Sadettin Nüzhet.
245 10 - TITLE STATEMENT
Title Şeyhislâm Bahayî,
Remainder of title hayatı ve eserleri.
Statement of responsibility, etc. [Yazan] Sadettin Nüzhet.
260 ## - PUBLICATION, DISTRIBUTION, ETC.
Place of publication, distribution, etc. [İstanbul]
Name of publisher, distributor, etc. Kanaat Kütüphanesi,
Date of publication, distribution, etc. 1933.
300 ## - PHYSICAL DESCRIPTION
Extent xl, 91 p.
Dimensions 18 cm.
490 0# - SERIES STATEMENT
Series statement Millî kütüphane, edebiyat serisi,
Volume/sequential designation 17
504 ## - BIBLIOGRAPHY, ETC. NOTE
Bibliography, etc. note Bibliography: p. [xxxviii]-xl.
600 00 - SUBJECT ADDED ENTRY--PERSONAL NAME
Personal name Şeyhülislâm Bahâyî,
Dates associated with a name 1601-1654.

No items available.

Powered by Koha